| 000 | 02178cam a22004937a 4500 | ||
|---|---|---|---|
| 003 | CHAP | ||
| 005 | 20220817042339.0 | ||
| 008 | 971013s1983 r 00010 d | ||
| 010 | _a41606 | ||
| 011 | _a42578 | ||
| 035 | _a46707 | ||
| 040 | _cCHAP | ||
| 082 |
_a630 _bM43 |
||
| 110 | _aMéxico. Dirección General de Distritos y Unidades de Temporal | ||
| 245 | 0 |
_aAgenda técnica _b: cultivos de otoño-invierno, primavera-verano |
|
| 260 |
_aMéxico, D.F. : _bLa Dirección, _c1983- |
||
| 300 |
_av. _b; gráfs. ; mapas |
||
| 500 | _aLa biblioteca tiene: Chis. (Dto.7), Hgo. (Dto.3), Jal. (Dto.3,10), Mich. (Dto.2,6,8), Pue. (Dto.3), Ver. (Dto.5), Zac. (Dto.5) | ||
| 590 |
_aBATCH-UPD _b10 _c20130110 _lUCH01 _h1033 |
||
| 590 |
_aBATCH-UPD _b10 _c20130410 _lUCH01 _h0635 |
||
| 590 |
_aBATCH-UPD _b10 _c20130913 _lUCH01 _h2134 |
||
| 590 |
_aCONVERSION _b10 _c20130109 _lUCH01 _h1323 |
||
| 650 | 1 | 4 |
_aAgricultura de temporal. _91999 |
| 650 | 1 | 4 |
_aAgricultura _xChiapas. _91355 |
| 650 | 1 | 4 |
_aAgricultura _xJalisco. _91714 |
| 650 | 1 | 4 |
_aAgricultura _xMichoacán. _91743 |
| 650 | 1 | 4 |
_aAgricultura _xPuebla. _91775 |
| 650 | 1 | 4 |
_aAgricultura _xZacatecas. _91905 |
| 650 | 1 | 4 |
_aAgricultura _zHidalgo. _91928 |
| 650 | 1 | 4 |
_aAgricultura _zVeracruz. _91941 |
| 901 | _aBK | ||
| 942 | _cLIBRO | ||
| 949 |
_a630 M43 _bBC _cC _d33724000499000 _eC _fPue. (Dto.3) _h70653 _i46707 _si |
||
| 949 |
_a630 M43 _bBC _cC _d33724000499018 _eC _fMich. (Dto.2) _h75082 _i46707 _si |
||
| 949 |
_a630 M43 _bBC _cC _d33724000499026 _eC _fMich. (Dto.8) _h70657 _i46707 _si |
||
| 949 |
_a630 M43 _bBC _cC _d33724000499075 _eC _fJal. (Dto.10) _h75085 _i46707 _si |
||
| 949 |
_a630 M43 _bBC _cC _d33724000499174 _eC _fJal. (Dto.10) c.2 _h60084 _i46707 _si |
||
| 949 |
_a630 M43 _bBC _cC _d33724000499257 _eC _fChis. (Dto.7) _h70656 _i46707 _si |
||
| 949 |
_a630 M43 _bBC _cC _d33724000499349 _eC _fHgo. (Dto.3) _h70647 _i46707 _si |
||
| 949 |
_a630 M43 _bBC _cC _d33724000611265 _eC _fMich. (Dto.6) _h70655 _i46707 _si |
||
| 949 |
_a630 M43 _bBC _cC _d33724000658050 _eC _fVer. (Dto.5) _h70795 _i46707 _si |
||
| 949 |
_a630 M43 _bBC _cC _d33724000924056 _eC _fZac. (Dto.5) _h70654 _i46707 _si |
||
| 949 |
_a630 M43 _bBC _cC _d33724002200900 _eC _fJal. (Dto.3) _h70652 _i46707 _si |
||
| 999 |
_c41606 _d41606 |
||